000 00676nam a2200241Ia 4500
003 OSt
005 20220918110521.0
006 a|||||r|||| 00| 0
007 ta
008 220915b |||||||| |||| 00| 0 eng d
024 _a2889
037 _cReference Collections
040 _aARTS
_cARTS
_beng
041 _2eng
_aeng
082 _aw1,N6, L2 (RR)
100 _aBull Norman J.
_98149
245 0 _aOne hundred great lives illus by Graham Humpreys
260 _aPennsylvania
_bDufour
_c1972
300 _a355p,illus
650 _aBIOGRAPHY
_92340
942 _hw1,N6, L2 (RR)
_cREF
999 _c113179
_d113179